Normal view
MARC view
- John, Tara.
Entry Personal Name
001 - CONTROL NUMBER
- control field: 37305
003 - CONTROL NUMBER IDENTIFIER
- control field: OSt
005 - DATE AND TIME OF LATEST TRANSACTION
- control field: 20190306150735.0
008 - FIXED-LENGTH DATA ELEMENTS
- fixed length control field: 190306|| aca||aabn | a|a d
040 ## - CATALOGING SOURCE
- Original cataloging agency: OSt
- Transcribing agency: OSt
100 ## - HEADING--PERSONAL NAME
- Personal name: John, Tara.
670 ## - SOURCE DATA FOUND
- Source citation: Work cat.: (OSt)11372: John, Tara., Saudi Arabia's attempt to break its addiction to oil/, c2016.
